Normal view
MARC view
Entry Personal Name
001 - CONTROL NUMBER
- control field: 241254
003 - CONTROL NUMBER IDENTIFIER
- control field: OSt
005 - DATE AND TIME OF LATEST TRANSACTION
- control field: 20251003111705.0
008 - FIXED-LENGTH DATA ELEMENTS
- fixed length control field: 251003|| aca||aabn | a|a d
040 ## - CATALOGING SOURCE
- Original cataloging agency: OSt
- Transcribing agency: OSt
100 ## - HEADING--PERSONAL NAME
- Personal name: Lindgren (Torgny)
- Dates associated with a name: ಟಾರ್ಗ್ನಿ ಲಿಂಡ್ಗ್ರೆನ್
670 ## - SOURCE DATA FOUND
- Source citation: Work cat.: (OSt)107213: Lindgren (Torgny) ಟಾರ್ಗ್ನಿ ಲಿಂಡ್ಗ್ರೆನ್ , Havina donku., 2002